Histoire par lettre - K - Statistiques

Statistiques générales
  • Ce quiz a été pris 121 fois
  • Le résultat moyen est 8 sur 15
Statistiques - réponses
Questions Réponses % Correct
Quelle ville est considérée comme la capitale culturelle du Japon ? Kyoto
97%
Quel ancien chanoine a laissé son nom à une boisson bourguignonne ? Félix Kir
93%
Quel pays s'est émancipé de la Serbie en 2008 ? Kosovo
90%
Qui est l'actuel dirigeant de la Corée du Nord ? Kim Jong Un
76%
Quel groupe politique était mené par Pol Pot au Cambodge ? Khmers Rouges
72%
Quel homme est considéré comme le plus grand joueur d'échec de tous les temps ? Gary Kasparov
63%
Quel navigateur breton a donné son nom à un territoire français du Sud de l'Océan Indien ? Yves Joseph de Kerguelen
63%
Quel militant américain a été assassiné le 10 Septembre 2025 ? Charlie Kirk
59%
Quelle femme politique est souvent abrégée en NKM ? Nathalie Kosciusko-Morizet
46%
Quel scientifique a mis au point la théorie sur le mouvement des planètes ? Johannes Kepler
43%
Quel dirigeant soviétique a succédé à Joseph Staline en 1953 ? Nikita Krouchtchev
42%
Quelle ville est considérée comme le berceau de la Russie ? Kiev
40%
Quel autre joueur d'échec russe est rentré dans le monde politique après sa carrière ? Anatoli Karpov
21%
Quelle ville libyenne a été le lieu d'une bataille de 1941 ? Koufra
8%
Quelle ville écossaise est la plus importante de l'archipel des Orcades ? Kirkwall
5%
Aucun quiz correspondant
Distribution des résultats
% des personnes avec chaque résultat
Percentile par nombre de réponses
Votre historique - résultats
Vous n’avez pas pris ce quiz